Central Library OPAC University of Rajshahi

Foundations of global non-linear analysis / (Record no. 6925)

MARC details
000 -LEADER
fixed length control field 00915cam a22002651 4500
001 - CONTROL NUMBER
control field 6925
003 - CONTROL NUMBER IDENTIFIER
rucl marc code BD-RjUL
005 - DATE AND TIME OF LATEST TRANSACTION
control field 20211208234336.0
008 - FIXED-LENGTH DATA ELEMENTS--GENERAL INFORMATION
fixed length control field 180114s1968 nyu 000 0 eng
035 ## - SYSTEM CONTROL NUMBER
System control number (BD-RjUL)6967
040 ## - CATALOGING SOURCE
Original cataloging agency DLC
Transcribing agency DLC
Modifying agency ICU
-- DLC
-- BD-RjUL
Language of cataloging eng
041 ## - LANGUAGE CODE
Language code of text/sound track or separate title eng
082 00 - DEWEY DECIMAL CLASSIFICATION NUMBER
Classification number 513.83
Edition number 18
Author mark and year PAF 1968
100 1# - MAIN ENTRY--PERSONAL NAME
Personal name Palais, Richard S.
9 (RLIN) 21721
245 10 - TITLE STATEMENT
Title Foundations of global non-linear analysis /
Statement of responsibility, etc. Richard S. Palais.
260 ## - PUBLICATION, DISTRIBUTION, ETC. (IMPRINT)
Place of publication, distribution, etc. New York :
Name of publisher, distributor, etc. W. A. Benjamin,
Date of publication, distribution, etc. 1968.
300 ## - PHYSICAL DESCRIPTION
Pagination vii, 131 p. ;
Size 28 cm.
500 ## - GENERAL NOTE
General note "An expanded version of notes for lectures delivered at the Mathematics Institutes of Bonn University and the University of Geneva during the summer of 1966."
650 #0 - SUBJECT ADDED ENTRY--TOPICAL TERM
Topical term or geographic name as entry element Differential topology.
9 (RLIN) 21705
Topical term or geographic name as entry element Algebras, Linear.
9 (RLIN) 20566
942 ## - ADDED ENTRY ELEMENTS (KOHA)
Source of classification or shelving scheme Dewey Decimal Classification
Koha item type Books
Holdings
Lost status Source of classification or shelving scheme Damaged status Not for loan Permanent Location Current Location Shelving location Date acquired Source of acquisition Cost, normal purchase price Total Checkouts Full call number Date last seen Copy number Koha item type
  Dewey Decimal Classification   Not For Loan Central Library, University of Rajshahi Central Library, University of Rajshahi   22/10/1969 Zeitlinger 118.60   513.83 PAF 1968 12/01/2014 C-1 Books